00561nam a2200169 a 450000500170000000800410001702000190005805000200007710000170009724500340011426000460014830000070019444000380020165000140023999900190025395201190027220140414131843.0100603s19uu xx 00 eng d a81-7301--211-3 aM 004bM26 1997 aMadaan, Anil aLearn about computers part 1. aNew Delhi, India :bDreamland Pub,c1997. a80 aDreamland's Learn About Computers aComputer. c109835d109835 001040aMUbMUcMd2010-06-03eLib. Fundg24950.00l0oM 004 M26 1997pM0001r2014-04-14 00:00:00w2014-04-14yBK